Jane's fighting ships of World War I / (Record no. 288)

MARC details
000 -LEADER
fixed length control field 00390nam a2200145Ka 4500
001 - CONTROL NUMBER
control field 1777139
008 - FIXED-LENGTH DATA ELEMENTS--GENERAL INFORMATION
fixed length control field 910114r19901919enk 00 eng d
020 ## - INTERNATIONAL STANDARD BOOK NUMBER
International Standard Book Number 1851703780
245 00 - TITLE STATEMENT
Title Jane's fighting ships of World War I /
Statement of responsibility, etc. foreword by Captain John Moore.
260 ## - PUBLICATION, DISTRIBUTION, ETC.
Place of publication, distribution, etc. London :
Name of publisher, distributor, etc. Studio Editions,
Date of publication, distribution, etc. 1990.
300 ## - PHYSICAL DESCRIPTION
Extent p.
942 ## - ADDED ENTRY ELEMENTS (KOHA)
Source of classification or shelving scheme Dewey Decimal Classification
Koha item type Books
956 ## - LOCAL ELECTRONIC LOCATION AND ACCESS (OCLC)
Host name NLS
Holdings
Withdrawn status Lost status Damaged status Not for loan Collection Home library Current library Shelving location Date acquired Barcode Date last seen Price effective from Koha item type
        Reference Centerville Centerville General stacks 09/04/2014 39999000012637 09/04/2014 09/04/2014 Books
        Reference Fairview Fairview General stacks 09/04/2014 39999000012613 09/04/2014 09/04/2014 Books
        Reference Fairview Fairview General stacks 09/04/2014 39999000012651 09/04/2014 09/04/2014 Books